000 00477ntaaa2200193 4500
003 01
005 20251027201939.0
008 0714s1973 ag 01
040 _aAR-BaBN
_bspa
_cAR-BaBN
_eaacr
_dRIC
082 _a245.0100 C54
100 _aClark, William
_918038
245 _aSing with understanding
250 _a1 ed.
260 _aPlymoth :
_bOakfield Press,
_cn.f.
300 _a125 p.
500 _alas historias de himnos
650 _aHimnologĂ­a
_9168
942 _cBK
999 _c14186
_d14186